[Event "Mondiale Lampo FIDE 2017"]
[Site "Riyadh"]
[Date "29.12.2017"]
[Round "9.33"]
[White "Fressinet, Laurent"]
[Black "McShane, Luke J"]
[Result "1/2-1/2"]
[WhiteTitle "GM"]
[BlackTitle "GM"]
[WhiteElo "2662"]
[BlackElo "2640"]
[WhiteFideId "608742"]
[BlackFideId "404853"]
[EventDate "2017.12.29"]

1. e4 g6 2. d4 Bg7 3. Nf3 d6 4. Be2 Nf6 5. Nc3 O-O 6. O-O Nc6 7. d5 Nb8 8. Be3
c6 9. Re1 b5 10. a3 a6 11. h3 cxd5 12. exd5 Bb7 13. Bd4 Nbd7 14. Nh2 Re8 15. Ng4
h5 16. Nxf6+ exf6 17. Qd2 f5 18. Bxg7 Kxg7 19. a4 bxa4 20. Rxa4 Nc5 21. Raa1 Qf6
22. Bf3 h4 23. Rxe8 Rxe8 24. Re1 Rc8 25. Rd1 Nd7 26. Qd4 Ne5 27. Be2 g5 28. f4
gxf4 29. Qxf4 Rb8 30. Rd4 Ng6 31. Qd2 Bc8 32. b3 Qe5 33. Nd1 Bd7 34. Bf3 Re8 35.
Nf2 a5 36. c3 Rb8 37. Bd1 Re8 38. Bf3 Qg3 39. Nd3 Ne5 40. Nxe5 dxe5 41. Rc4 e4
42. Be2 f4 43. Bf1 Bxh3 44. Qf2 Bg4 45. Qd4+ Kg8 46. d6 f3 47. Rc5 Bd7 48. Qe3
f2+ 49. Qxf2 Qxd6 50. Rg5+ Kf8 51. Qxh4 Qb6+ 52. Kh1 Re6 53. Rh5 Rg6 54. Rh8+
Kg7 55. Rh7+ Kg8 56. Rh8+ Kg7 57. Rh7+ Kg8 58. Bc4 Be6 59. Rh8+ Kg7 60. Rh7+ Kg8
61. Rh8+ Kg7 62. Bxe6 Qxe6 63. Rh7+ Kg8 64. Rh8+ Kg7 65. Rh7+ 1/2-1/2

[Event "Mondiale Lampo FIDE 2017"]
[Site "Riyadh"]
[Date "29.12.2017"]
[Round "9.34"]
[White "Moiseenko, Alexander"]
[Black "Kokarev, Dmitry"]
[Result "0-1"]
[WhiteTitle "GM"]
[BlackTitle "GM"]
[WhiteElo "2667"]
[BlackElo "2615"]
[WhiteFideId "14102560"]
[BlackFideId "4132181"]
[EventDate "2017.12.29"]

1. d4 Nf6 2. c4 g6 3. Nc3 Bg7 4. e4 d6 5. Bd3 O-O 6. Nge2 Nc6 7. O-O Nd7 8. Be3
e5 9. d5 Nd4 10. Bb1 Nxe2+ 11. Qxe2 a5 12. Bc2 Nf6 13. f3 b6 14. a3 Nh5 15. b4
Nf4 16. Qd2 Ba6 17. Bb3 Qe7 18. Kh1 f5 19. b5 Bc8 20. c5 bxc5 21. Bxc5 Nh5 22.
Bf2 Bf6 23. Rac1 Bg5 24. Be3 f4 25. Bg1 Ng3+ 26. hxg3 fxg3 27. f4 Bxf4 28. Rxf4
Rxf4 0-1

[Event "Mondiale Lampo FIDE 2017"]
[Site "Riyadh"]
[Date "29.12.2017"]
[Round "9.36"]
[White "Zhigalko, Sergei"]
[Black "Laznicka, Viktor"]
[Result "1-0"]
[WhiteTitle "GM"]
[BlackTitle "GM"]
[WhiteElo "2641"]
[BlackElo "2647"]
[WhiteFideId "13502956"]
[BlackFideId "316385"]
[EventDate "2017.12.29"]

1. e4 c6 2. d4 d5 3. e5 Bf5 4. Nf3 e6 5. Be2 Nd7 6. O-O Bg6 7. Nbd2 Nh6 8. Nb3
Be7 9. Ne1 O-O 10. Nd3 Rc8 11. c3 Qb6 12. Re1 Nf5 13. a4 a5 14. Nf4 c5 15. Bb5
Rfd8 16. Bd2 cxd4 17. Nxg6 hxg6 18. cxd4 Bb4 19. Bxb4 axb4 20. Qd2 Nb8 21. g4
Nh4 22. Re3 g5 23. Rh3 f6 24. Re1 Rf8 25. exf6 Rxf6 26. Qxg5 Nf3+ 27. Rxf3 Rxf3
28. Nc5 Rf6 29. Bd3 Rcf8 30. Qh4 Rh6 31. Qg3 Nc6 32. g5 Rh8 33. Nxe6 Re8 34. Bg6
Re7 35. Qf4 Qd8 36. Nxd8 Rxe1+ 37. Kg2 Nxd8 38. Qb8 1-0

[Event "Mondiale Lampo FIDE 2017"]
[Site "Riyadh"]
[Date "29.12.2017"]
[Round "9.37"]
[White "Pantsulaia, Levan"]
[Black "Inarkiev, Ernesto"]
[Result "1/2-1/2"]
[WhiteTitle "GM"]
[BlackTitle "GM"]
[WhiteElo "2612"]
[BlackElo "2689"]
[WhiteFideId "13602071"]
[BlackFideId "4162722"]
[EventDate "2017.12.29"]

1. Nf3 d5 2. g3 Nf6 3. Bg2 g6 4. b3 Bg7 5. Bb2 O-O 6. c4 c6 7. d3 b6 8. O-O Bb7
9. Nbd2 c5 10. cxd5 Nxd5 11. Bxg7 Kxg7 12. Qc2 Nc6 13. Qb2+ f6 14. a3 e5 15. e3
Qe7 16. Rfe1 Qf7 17. Ne4 Rad8 18. Nfd2 a5 19. Nc4 Qc7 20. h4 h5 21. Rad1 Rd7 22.
Bh3 Rdd8 23. Kh2 Bc8 24. Bg2 Bg4 25. Rc1 Rd7 26. f4 exf4 27. gxf4 Nce7 28. d4
Nf5 29. dxc5 Ndxe3 30. Ncd6 bxc5 31. Rxc5 Qb8 32. Nxf5+ Nxf5 33. Qf2 Qxb3 34.
Rec1 Qxa3 35. Rc7 Rff7 36. Rxd7 Rxd7 37. Qb6 Qe7 38. Qxa5 Nxh4 39. Nc5 Ra7 40.
Qc3 Ra2 41. Rc2 Rxc2 42. Qxc2 Qe3 43. Nd3 Nxg2 44. Kxg2 Bf5 45. Qc7+ Kh6 46. Nf2
Be4+ 47. Kf1 Bd3+ 48. Kg2 Qe2 49. Qc5 Be4+ 50. Kg1 Qe1+ 51. Kh2 Bf5 52. Qf8+ Kh7
53. Qf7+ Kh6 54. Qf8+ 1/2-1/2

[Event "Mondiale Lampo FIDE 2017"]
[Site "Riyadh"]
[Date "29.12.2017"]
[Round "9.38"]
[White "Salgado Lopez, Ivan"]
[Black "Khismatullin, Denis"]
[Result "0-1"]
[WhiteTitle "GM"]
[BlackTitle "GM"]
[WhiteElo "2644"]
[BlackElo "2632"]
[WhiteFideId "2257327"]
[BlackFideId "4142578"]
[EventDate "2017.12.29"]

1. Nf3 d5 2. b3 c5 3. e3 Nf6 4. Bb2 g6 5. Bb5+ Bd7 6. Bxf6 exf6 7. Bxd7+ Nxd7 8.
O-O Bg7 9. d4 O-O 10. c3 Rc8 11. Nbd2 cxd4 12. cxd4 Qa5 13. a3 Rc3 14. b4 Qc7
15. Nb1 Rc2 16. Nfd2 Rc8 17. Nb3 b6 18. Nc5 Rc4 19. Nd2 Rc3 20. Na4 Rc6 21. Qf3
Rc2 22. Qd1 f5 23. Nc5 Rc3 24. Na4 Rc6 25. g3 Nf6 26. Qb3 Qd7 27. b5 R6c7 28.
Qb2 h5 29. Nf3 Ne4 30. Ne5 Bxe5 31. dxe5 Rc2 32. Qb4 R8c4 33. Qb3 Nd2 34. Qd3
Nxf1 35. Rxf1 Qxb5 36. e6 fxe6 37. e4 Qxa4 38. exd5 Qd7 39. Qe3 Qxd5 40. Qg5 Kf7
41. Qh6 Qd4 42. Qg5 Qf6 43. Qe3 Kg7 44. Qd3 Rc1 45. Qd7+ Qf7 0-1

[Event "Mondiale Lampo FIDE 2017"]
[Site "Riyadh"]
[Date "29.12.2017"]
[Round "9.39"]
[White "Vallejo Pons, Francisco"]
[Black "Van Foreest, Jorden"]
[Result "0-1"]
[WhiteTitle "GM"]
[BlackTitle "GM"]
[WhiteElo "2707"]
[BlackElo "2629"]
[WhiteFideId "2205530"]
[BlackFideId "1039784"]
[EventDate "2017.12.29"]

1. e4 e5 2. Nf3 Nc6 3. Bb5 a6 4. Ba4 d6 5. c3 Bd7 6. O-O g6 7. d4 Bg7 8. Re1 Nf6
9. Nbd2 O-O 10. Nf1 b5 11. Bc2 Re8 12. h3 exd4 13. cxd4 Nb4 14. Bb1 c5 15. dxc5
dxc5 16. e5 Nh5 17. g4 Bc6 18. N1h2 Qc8 19. a3 Nd5 20. gxh5 Qxh3 21. Ng5 Qh4 22.
hxg6 Rxe5 23. gxh7+ Kf8 24. Rxe5 Bxe5 25. h8=Q+ Qxh8 26. Nh7+ Ke7 27. Bg5+ f6
28. Bh4 Qg7+ 29. Kf1 Bxh2 30. Qe2+ Kd6 31. Be4 Qg1# 0-1

[Event "Mondiale Lampo FIDE 2017"]
[Site "Riyadh"]
[Date "29.12.2017"]
[Round "9.40"]
[White "Bocharov, Dmitry"]
[Black "Adhiban, Baskaran"]
[Result "0-1"]
[WhiteTitle "GM"]
[BlackTitle "GM"]
[WhiteElo "2583"]
[BlackElo "2655"]
[WhiteFideId "4138716"]
[BlackFideId "5018471"]
[EventDate "2017.12.29"]

1. c4 d6 2. d4 e5 3. Nc3 exd4 4. Qxd4 Nf6 5. g3 g6 6. Bg2 Bg7 7. Nh3 Nbd7 8. Nf4
O-O 9. Qd2 Nc5 10. O-O Re8 11. f3 a5 12. b3 a4 13. Rb1 axb3 14. axb3 h5 15. e4
h4 16. gxh4 Ne6 17. Nce2 c6 18. Kh1 Ra5 19. Nxe6 Bxe6 20. Ng3 Nh5 21. b4 Qxh4
22. Kg1 Ra4 23. Nxh5 Qxh5 24. Qd3 Ra2 25. Bf4 Be5 26. Bxe5 dxe5 27. c5 Qg5 28.
Rf2 Rd8 29. Qf1 Rdd2 30. Rxd2 Rxd2 31. Rd1 Bc4 32. f4 Qxg2+ 0-1

[Event "Mondiale Lampo FIDE 2017"]
[Site "Riyadh"]
[Date "29.12.2017"]
[Round "9.42"]
[White "Jumabayev, Rinat"]
[Black "Quparadze, Giga"]
[Result "1/2-1/2"]
[WhiteTitle "GM"]
[BlackTitle "GM"]
[WhiteElo "2612"]
[BlackElo "2506"]
[WhiteFideId "13702661"]
[BlackFideId "13602250"]
[EventDate "2017.12.29"]

1. e4 c5 2. Nf3 e6 3. d4 cxd4 4. Nxd4 a6 5. c4 Nf6 6. Nc3 Bb4 7. Qd3 d5 8. exd5
exd5 9. Be2 Nc6 10. Nxc6 bxc6 11. O-O O-O 12. cxd5 Nxd5 13. Na4 a5 14. Qc2 Bd7
15. Nc5 Bxc5 16. Qxc5 Re8 17. Bf3 a4 18. Bd2 Rb8 19. Qc2 Qb6 20. Qxa4 Qxb2 21.
Rfd1 Ra8 22. Qb3 Qxb3 23. axb3 Rab8 24. Rab1 Bf5 25. Rb2 Be4 26. Bg4 f5 27. Bh3
g6 28. Rc1 Nf6 29. Bf4 Rb4 30. g3 Bd5 31. Bf1 Rbe4 32. Rbb1 Nh5 33. Be3 f4 34.
Bc5 fxg3 35. hxg3 Nf6 36. b4 R4e5 37. Bd4 Rf5 38. Re1 Rxe1 39. Rxe1 Ne4 40. Bg2
Nd2 41. Re7 Nf3+ 42. Bxf3 Bxf3 43. Re5 Rf8 44. Bb6 Rb8 45. Ba5 Rb7 46. Re3 Rf7
47. Kf1 g5 48. Ke1 g4 49. Kd2 Rd7+ 50. Kc3 Rd1 51. Bb6 Kf7 52. Re5 Kg6 53. Be3
Rd8 54. Rg5+ Kf7 55. Rh5 Be4 56. Rg5 Bf3 57. Rh5 Kg6 58. Rh6+ Kg7 59. Re6 Rd7
60. Bd4+ Kf7 61. Rf6+ Ke7 62. Rh6 Ke8 63. Kc4 Rb7 64. Bc5 Rf7 65. Kd4 Kd7 66.
Ke5 Rg7 67. Rd6+ Kc7 68. Rf6 Rg5+ 69. Kf4 Rg7 70. Bd6+ Kb7 71. Bc5 Rd7 72. Kg5
Ka6 73. Kf4 Kb5 74. Rd6 Rf7+ 75. Kg5 Kc4 76. Rf6 Rb7 77. Rf4+ Kd3 78. Kf6 Ke2
79. Rc4 Kf1 80. Rc1+ Kg2 81. Rc2 Be4 82. Rd2 Bd5 83. Ke5 Bf3 84. Kd6 Rf7 85. Ra2
h5 86. Rb2 Rf5 87. Ke6 Rd5 88. Kf6 Be4 89. Ke6 Bf3 90. Kf6 Kf1 91. Rb1+ Bd1 92.
Ke6 Ke2 93. Rb2+ Kf3 94. Kf6 Be2 95. Rb3+ Kg2 96. Rb2 Bf3 1/2-1/2

[Event "Mondiale Lampo FIDE 2017"]
[Site "Riyadh"]
[Date "29.12.2017"]
[Round "9.43"]
[White "Vidit, Santosh Gujrathi"]
[Black "Al-Sayed, Mohammed"]
[Result "1-0"]
[WhiteTitle "GM"]
[BlackTitle "GM"]
[WhiteElo "2715"]
[BlackElo "2511"]
[WhiteFideId "5029465"]
[BlackFideId "12100196"]
[EventDate "2017.12.29"]

1. d4 d5 2. Nf3 Nf6 3. c4 c6 4. e3 Bf5 5. Nc3 e6 6. Nh4 Bg6 7. Be2 Nbd7 8. O-O
Bd6 9. g3 O-O 10. Nxg6 hxg6 11. Qc2 Rc8 12. Rd1 Qe7 13. e4 dxe4 14. Bg5 Qd8 15.
Nxe4 Be7 16. Nc3 Qa5 17. h4 e5 18. dxe5 Nxe5 19. a3 Rfe8 20. b4 Qc7 21. Kg2 a5
22. Rab1 axb4 23. axb4 Ra8 24. Qb3 Bf8 25. Bf4 Qe7 26. Bg5 Qe6 27. c5 Qf5 28.
Bf4 Nh5 29. Bxh5 gxh5 30. Bxe5 Rxe5 31. Re1 Rd8 32. Qc4 Be7 33. Rxe5 Qxe5 34.
Qe4 Bf6 35. Qxe5 Bxe5 36. Ne4 Rd4 37. Kf3 f6 38. b5 cxb5 39. Rxb5 Rd7 40. Rb6
Rc7 41. Ke3 f5 42. Ng5 Bf6 43. Ne6 Re7 44. Kf4 g6 45. Kf3 Kf7 46. Nd8+ Ke8 47.
Nxb7 Bd4 48. Nd6+ Kf8 49. Rb8+ Kg7 50. Rc8 Rd7 51. Nb5 Be5 52. c6 Rd3+ 53. Ke2
Rb3 54. Na7 Ra3 55. Re8 Bxg3 56. Nb5 Ra2+ 57. Kf3 Bh2 58. c7 Bxc7 59. Nxc7 Ra4
60. Kg3 Rc4 61. Nd5 Rg4+ 62. Kh3 Kf7 63. Re7+ Kf8 64. Rc7 Re4 65. f3 Re1 66. Kg3 1-0

[Event "Mondiale Lampo FIDE 2017"]
[Site "Riyadh"]
[Date "29.12.2017"]
[Round "9.44"]
[White "Mchedlishvili, Mikheil"]
[Black "Ponomariov, Ruslan"]
[Result "0-1"]
[WhiteTitle "GM"]
[BlackTitle "GM"]
[WhiteElo "2603"]
[BlackElo "2694"]
[WhiteFideId "13600966"]
[BlackFideId "14103320"]
[EventDate "2017.12.29"]

1. d4 Nf6 2. Bg5 e6 3. e4 h6 4. Bxf6 Qxf6 5. c3 d6 6. Bd3 e5 7. Ne2 Nc6 8. O-O
Bd7 9. Bb5 a6 10. Ba4 g6 11. f4 exd4 12. cxd4 Bg7 13. Nbc3 b5 14. e5 Qh4 15. Bb3
O-O 16. Ng3 Na5 17. Nd5 Nxb3 18. axb3 Qd8 19. Ne4 Kh8 20. Rc1 Bf5 21. Ng3 dxe5
22. dxe5 Be6 23. Nxc7 Qxd1 24. Rfxd1 Bxb3 25. Nxa8 Bxd1 26. Rxd1 Rxa8 27. Rd7
Kg8 28. Ne4 Bf8 29. e6 g5 30. Rxf7 Bg7 31. f5 Bxb2 32. f6 Re8 33. Rg7+ Kh8 34.
Re7 Rf8 35. f7 Kg7 36. Rd7 Ba3 37. Kf1 Rb8 38. Nc3 Kf6 39. Ra7 Kxe6 40. Rxa6+
Kxf7 41. Rxa3 b4 42. Ra7+ Kg6 43. Ra6+ Kf5 44. Ra5+ Kg6 45. Na4 b3 46. Nb2 Rc8
47. Re5 Rc2 48. Re2 Kf5 49. Kf2 Rc3 50. Nd1 Rc1 51. Ne3+ Ke4 52. Rb2 Rc3 0-1

[Event "Mondiale Lampo FIDE 2017"]
[Site "Riyadh"]
[Date "29.12.2017"]
[Round "9.45"]
[White "Ni, Hua"]
[Black "Safarli, Eltaj"]
[Result "1-0"]
[WhiteTitle "GM"]
[BlackTitle "GM"]
[WhiteElo "2671"]
[BlackElo "2639"]
[WhiteFideId "8601160"]
[BlackFideId "13402129"]
[EventDate "2017.12.29"]

1. e4 e5 2. Nf3 Nc6 3. Bb5 a6 4. Ba4 d6 5. c3 Bd7 6. O-O g6 7. d4 Bg7 8. Re1 b5
9. Bb3 Nf6 10. a4 O-O 11. h3 Re8 12. d5 Na5 13. Bc2 c6 14. b4 Nc4 15. dxc6 Bxc6
16. Nbd2 Nxd2 17. Bxd2 d5 18. axb5 axb5 19. Rxa8 Qxa8 20. exd5 Bxd5 21. Be3 Rc8
22. Bc5 Nd7 23. Bb3 Bxb3 24. Qxd7 Bd5 25. Nxe5 Bxe5 26. Rxe5 Bxg2 27. Bd4 Bc6
28. Qe7 Qa1+ 29. Re1 Ra8 1-0

[Event "Mondiale Lampo FIDE 2017"]
[Site "Riyadh"]
[Date "29.12.2017"]
[Round "9.46"]
[White "Li, Chao b"]
[Black "Dobrov, Vladimir"]
[Result "1-0"]
[WhiteTitle "GM"]
[BlackTitle "GM"]
[WhiteElo "2732"]
[BlackElo "2515"]
[WhiteFideId "8604436"]
[BlackFideId "4136594"]
[EventDate "2017.12.29"]

1. d4 Nf6 2. c4 e6 3. Nf3 d5 4. Nc3 c6 5. Bg5 h6 6. Bxf6 Qxf6 7. g3 Nd7 8. Bg2
dxc4 9. O-O Be7 10. Ne4 Qf5 11. Ned2 O-O 12. Nxc4 Rd8 13. Rc1 Nb6 14. Ne3 Qa5
15. Qb3 Nd5 16. Nc4 Qb4 17. Qc2 Nb6 18. Nce5 Bd7 19. Rfd1 Be8 20. Nd3 Qa5 21. a3
Qa4 22. e3 Qxc2 23. Rxc2 a5 24. Nfe5 Nd7 25. Nxd7 Rxd7 26. Nc5 Rc7 27. h4 g5 28.
hxg5 hxg5 29. g4 Kg7 30. Be4 Rd8 31. Rdc1 Ra8 32. Kg2 Rb8 33. Rh1 b6 34. Nd3 c5
35. Rhc1 Bc6 36. Bxc6 Rxc6 37. dxc5 bxc5 38. Nxc5 Bxc5 39. Rxc5 Rxc5 40. Rxc5
Kf6 41. Rc2 a4 42. Kf3 Ke5 43. Ke2 f5 44. gxf5 exf5 45. Kd2 g4 46. Kc1 Kd5 47.
Rd2+ Ke5 48. Rd4 Rc8+ 49. Kd2 Rh8 50. Rxa4 Rh2 51. Ke1 Rh1+ 52. Ke2 Rc1 53. Rd4
Rb1 54. Rb4 Rc1 55. a4 Rc2+ 56. Kf1 Kd5 1-0

[Event "Mondiale Lampo FIDE 2017"]
[Site "Riyadh"]
[Date "29.12.2017"]
[Round "9.47"]
[White "Miton, Kamil"]
[Black "Kuzubov, Yuriy"]
[Result "0-1"]
[WhiteTitle "GM"]
[BlackTitle "GM"]
[WhiteElo "2584"]
[BlackElo "2699"]
[WhiteFideId "1111914"]
[BlackFideId "14112906"]
[EventDate "2017.12.29"]

1. d4 g6 2. Nf3 Bg7 3. c4 d6 4. Nc3 Bg4 5. g3 Bxf3 6. exf3 Nh6 7. Bg2 Nf5 8. f4
c6 9. d5 c5 10. O-O O-O 11. Re1 Nd7 12. Bh3 Nd4 13. Be3 a6 14. a4 Rb8 15. Kg2
Nb6 16. Qd3 Na8 17. f5 Nc7 18. fxg6 hxg6 19. Bg4 b5 20. axb5 axb5 21. cxb5 Ndxb5
22. h4 Nd4 23. h5 gxh5 24. Bxh5 Rxb2 25. Rh1 e5 26. Ra7 f5 27. Bg6 Rf6 28. Bh7+
Kf8 29. Bxd4 cxd4 30. Ne2 e4 31. Qd1 e3 32. Nf4 Rxf2+ 33. Kg1 Rxf4 34. gxf4 Qb8
35. Ra2 Nxd5 36. Qa1 Nb6 37. Rb2 d3 38. Qa6 e2 39. Kf2 d5 40. Qxd3 Rc6 41. Qxe2
Qxf4+ 42. Kg2 Bxb2 43. Rf1 Qg5+ 44. Kf3 Bf6 45. Qd3 Qg4+ 46. Kf2 Bd4+ 47. Ke1
Rc1+ 48. Kd2 Rxf1 49. Qxf1 f4 50. Bd3 Be3+ 51. Kc2 Qc8+ 52. Kb1 Nc4 53. Qh3 Qxh3 0-1

[Event "Mondiale Lampo FIDE 2017"]
[Site "Riyadh"]
[Date "29.12.2017"]
[Round "9.48"]
[White "Dzhumagaliev, Yan"]
[Black "Ganguly, Surya Shekhar"]
[Result "1-0"]
[WhiteTitle "FM"]
[BlackTitle "GM"]
[WhiteElo "2400"]
[BlackElo "2650"]
[WhiteFideId "24100110"]
[BlackFideId "5002150"]
[EventDate "2017.12.29"]

1. Nf3 Nf6 2. h4 d5 3. h5 Bg4 4. h6 gxh6 5. Ne5 Bf5 6. d4 h5 7. c4 Nbd7 8. Nc3
c6 9. Bf4 e6 10. Qb3 Qb6 11. e3 Rg8 12. Nxd7 Kxd7 13. Be5 Be7 14. c5 Qxb3 15.
axb3 Ng4 16. Bf4 Bg6 17. b4 f6 18. f3 e5 19. fxg4 exf4 20. gxh5 Bf5 21. exf4 Bd8
22. Kf2 b5 23. Ra6 Kc7 24. Be2 Kb7 25. Rha1 Bc7 26. g3 Rge8 27. Bf3 Be6 28. R6a3
a6 29. Re1 Bf7 30. Raa1 h6 31. Rxe8 Rxe8 32. Re1 Rxe1 33. Kxe1 Kc8 34. Bg4+ Kd8
35. Ke2 a5 36. bxa5 Bxa5 37. Na2 b4 38. Nc1 Ke7 39. Nb3 Bc7 40. Nd2 Bg8 41. Nf3
Bh7 42. Nh4 Bb1 43. Bf5 Ba2 44. Bd3 Bc4 45. Nf5+ Ke6 46. Nxh6 f5 47. Ke3 Bxd3
48. Kxd3 Kf6 49. g4 Bxf4 50. Nxf5 Bh2 51. Kc2 Kg5 52. h6 Kg6 53. Kb3 1-0

[Event "Mondiale Lampo FIDE 2017"]
[Site "Riyadh"]
[Date "29.12.2017"]
[Round "10.1"]
[White "Melkumyan, Hrant"]
[Black "Carlsen, Magnus"]
[Result "0-1"]
[WhiteTitle "GM"]
[BlackTitle "GM"]
[WhiteElo "2633"]
[BlackElo "2837"]
[WhiteFideId "13302485"]
[BlackFideId "1503014"]
[EventDate "2017.12.29"]

1. d4 d5 2. c4 c6 3. Nf3 Nf6 4. cxd5 cxd5 5. Nc3 Nc6 6. Bf4 a6 7. e3 Bg4 8. Be2
e6 9. O-O Be7 10. Rc1 Nd7 11. h3 Bh5 12. Qb3 Qb6 13. Nd2 Bxe2 14. Nxe2 Qxb3 15.
Nxb3 f6 16. a3 Kf7 17. Rc2 Nb6 18. Rfc1 Nc4 19. Bg3 g5 20. e4 Rhd8 21. exd5 exd5
22. Nc3 b5 23. Ne2 f5 24. Be5 a5 25. f4 a4 26. Nd2 N6a5 27. Nxc4 Nxc4 28. Nc3
Ra7 29. Nxb5 Rb7 30. Nc3 Nxb2 31. Rb1 Rc8 32. Rbxb2 Rxb2 33. Rxb2 Rxc3 34. Rb7
Ke6 35. Rb6+ Kd7 36. Rb7+ Kd8 37. Rb8+ Rc8 38. Rb5 Rc3 39. Rxd5+ Kc8 40. fxg5
Rxa3 41. Ra5 Bxg5 42. d5 Be3+ 43. Kf1 Ra2 44. d6 a3 45. Ra8+ Kd7 46. Ra6 Rf2+
47. Ke1 a2 48. Ra3 Bc5 49. Ra5 Bb4+ 50. Kxf2 Bxa5 51. Ke2 Bb4 52. Kd3 Bxd6 53.
Ba1 Ke6 54. Kc2 Be5 55. Bxe5 Kxe5 56. Kb2 Kf4 0-1

[Event "Mondiale Lampo FIDE 2017"]
[Site "Riyadh"]
[Date "29.12.2017"]
[Round "10.2"]
[White "Svidler, Peter"]
[Black "Karjakin, Sergey"]
[Result "1/2-1/2"]
[WhiteTitle "GM"]
[BlackTitle "GM"]
[WhiteElo "2765"]
[BlackElo "2760"]
[WhiteFideId "4102142"]
[BlackFideId "14109603"]
[EventDate "2017.12.29"]

1. Nf3 d5 2. g3 c6 3. Bg2 Bg4 4. c4 Nf6 5. Ne5 Be6 6. cxd5 Bxd5 7. Nf3 c5 8. Nc3
Bc6 9. O-O e6 10. Qc2 Be7 11. Rd1 O-O 12. d4 cxd4 13. Nxd4 Bxg2 14. Kxg2 Nbd7
15. Bg5 1/2-1/2

[Event "Mondiale Lampo FIDE 2017"]
[Site "Riyadh"]
[Date "29.12.2017"]
[Round "10.4"]
[White "Le, Quang Liem"]
[Black "Kravtsiv, Martyn"]
[Result "1/2-1/2"]
[WhiteTitle "GM"]
[BlackTitle "GM"]
[WhiteElo "2737"]
[BlackElo "2672"]
[WhiteFideId "12401137"]
[BlackFideId "14113147"]
[EventDate "2017.12.29"]

1. d4 Nf6 2. Nf3 e6 3. c4 d5 4. Nc3 Nbd7 5. cxd5 exd5 6. Bf4 Nb6 7. e3 Bd6 8.
Bd3 Bxf4 9. exf4 Bg4 10. Qe2+ Qe7 11. Qxe7+ Kxe7 12. Ne5 Bd7 13. f3 Ne8 14. h3
Nd6 15. Kf2 Be8 16. Rhe1 Kd8 17. Bf1 c6 18. Nd3 Bd7 19. g4 Re8 20. Rxe8+ Kxe8
21. f5 Kf8 22. Nf4 Re8 23. h4 Bc8 24. Rc1 Nbc4 25. Bxc4 Nxc4 26. b3 Nd6 27. Na4
g6 28. fxg6 hxg6 29. Nc5 Kg7 30. a4 Rh8 31. Kg3 Re8 32. Ncd3 f6 33. Kf2 Nf7 34.
b4 Nd6 35. b5 Nc4 36. bxc6 bxc6 37. Rb1 g5 38. hxg5 fxg5 39. Nh5+ Kf7 40. Rb8
Ba6 41. Rb4 Bc8 42. Nc5 Nd6 43. Ng3 Re7 44. Rb8 Re8 45. Ne2 Be6 46. Rb4 Bc8 47.
Nc1 Rh8 48. N1d3 Nc4 49. Rb8 Re8 50. Ra8 a5 51. Rb8 Ke7 52. Nb2 Kd6 53. Nbd3 Kc7
54. Rb1 Rf8 55. Kg2 Rxf3 56. Kxf3 Nd2+ 57. Ke3 Nxb1 58. Ne5 Na3 59. Nf3 Nc4+ 60.
Kd3 Bxg4 61. Nxg5 Bf5+ 62. Kc3 Nd6 63. Nf3 Bg4 64. Ne5 Bd1 65. Kd2 Bh5 66. Kc3
Be8 67. Ne6+ Kb6 68. Nc5 Kc7 69. Ne6+ Kb6 70. Nc5 Ne4+ 71. Nxe4 dxe4 72. Nc4+
Ka6 73. Nd6 Bg6 74. Kd2 Kb6 75. Nc4+ Ka6 76. Ke3 Bf7 77. Nd2 Kb6 78. Nxe4 Bb3
79. Nc5 Bd5 80. Kf4 Bc4 81. Ke5 Be2 82. Kd6 Bd1 83. Nd7+ Kb7 84. Nc5+ Kb6 85.
Kd7 Bc2 86. Kc8 Bd1 87. Kb8 Bg4 88. Ne4 Bh3 89. Nd6 Be6 90. Ne4 Bg4 91. Nc5 Bf5
92. Nb3 Bg4 93. Nc5 Bf5 94. Nb3 Bc2 95. Nc5 Bf5 1/2-1/2

[Event "Mondiale Lampo FIDE 2017"]
[Site "Riyadh"]
[Date "29.12.2017"]
[Round "10.6"]
[White "Harikrishna, Pentala"]
[Black "Esipenko, Andrey"]
[Result "1/2-1/2"]
[WhiteTitle "GM"]
[BlackTitle "FM"]
[WhiteElo "2744"]
[BlackElo "2564"]
[WhiteFideId "5007003"]
[BlackFideId "24175439"]
[EventDate "2017.12.29"]

1. e4 c6 2. Nc3 d5 3. Nf3 Bg4 4. h3 Bxf3 5. Qxf3 Nf6 6. d4 dxe4 7. Qe3 Nbd7 8.
Nxe4 Nxe4 9. Qxe4 e6 10. c3 Nf6 11. Qf3 Be7 12. Bc4 a5 13. a4 Nd5 14. Qg3 O-O
15. O-O Bd6 16. Qg4 Nf6 17. Qf3 Nd5 18. Bd2 Be7 19. Qg4 Nf6 20. Qe2 Nd5 21. Qg4
Nf6 22. Qf3 Nd5 23. Qg3 Bd6 24. Qg4 Nf6 25. Qf3 Nd5 26. Rfe1 Qf6 27. Qxf6 Nxf6
28. g3 Rab8 29. Bf1 Nd5 30. h4 Rbc8 31. Red1 Rfd8 32. Kg2 h6 33. Be2 Be7 34. Bf3
Rd7 35. Re1 Rcd8 36. Rad1 Bf6 37. Kh3 Be7 38. Bc1 Bd6 39. Bd2 Be7 40. Bc1 Bd6
41. Bd2 Be7 1/2-1/2

[Event "Mondiale Lampo FIDE 2017"]
[Site "Riyadh"]
[Date "29.12.2017"]
[Round "10.7"]
[White "Sjugirov, Sanan"]
[Black "Nepomniachtchi, Ian"]
[Result "1/2-1/2"]
[WhiteTitle "GM"]
[BlackTitle "GM"]
[WhiteElo "2650"]
[BlackElo "2729"]
[WhiteFideId "4189302"]
[BlackFideId "4168119"]
[EventDate "2017.12.29"]

1. d4 f5 2. Bf4 Nf6 3. e3 g6 4. h4 h6 5. Nc3 d6 6. Qf3 c6 7. O-O-O Be6 8. Bd3
Qa5 9. a3 Nbd7 10. e4 O-O-O 11. Nge2 fxe4 12. Nxe4 Bg4 13. Qe3 Nd5 14. Qg3 Bxe2
15. Bxe2 Nxf4 16. Qxf4 Qf5 17. Qxf5 gxf5 18. Ng3 e6 19. Nh5 d5 20. Rde1 e5 21.
dxe5 Nxe5 22. f4 Nf7 23. Bd3 Nd6 24. Re5 Rg8 25. g3 Bg7 26. Bxf5+ Kb8 27. Nxg7
Rxg7 28. Rg1 Rf8 29. Bd3 Rxf4 30. Re6 Ne4 31. Bxe4 Rxe4 32. Rxe4 dxe4 33. g4 Kc7
34. Kd2 Kd6 35. Ke3 Ke5 36. g5 hxg5 37. hxg5 Kf5 38. g6 Rxg6 39. Rxg6 Kxg6 40.
Kxe4 Kf6 1/2-1/2

[Event "Mondiale Lampo FIDE 2017"]
[Site "Riyadh"]
[Date "29.12.2017"]
[Round "10.9"]
[White "Amonatov, Farrukh"]
[Black "Korobov, Anton"]
[Result "1-0"]
[WhiteTitle "GM"]
[BlackTitle "GM"]
[WhiteElo "2636"]
[BlackElo "2652"]
[WhiteFideId "14700077"]
[BlackFideId "14105730"]
[EventDate "2017.12.29"]

1. e4 c5 2. Nc3 a6 3. f4 b5 4. Nf3 Bb7 5. d3 e6 6. g3 Nf6 7. Bg2 d6 8. O-O Qc7
9. h3 Be7 10. a4 b4 11. Ne2 h5 12. b3 Nbd7 13. Bb2 a5 14. Kh1 e5 15. Nd2 Nb8 16.
Nc4 Nc6 17. c3 Nd7 18. Ne3 bxc3 19. Nxc3 Nb4 20. Nb5 Qb8 21. Nf5 Bf8 22. fxe5
dxe5 23. Qf3 f6 24. Nh4 Ra6 25. Rad1 Rh6 26. Bc1 g5 27. Nf5 Rh7 28. Bd2 Bc8 29.
Bxb4 axb4 30. Ne3 Kf7 31. Nd5 Kg8 32. Qf5 Rh6 33. Nbc7 Rc6 34. Ne6 Qa7 35. Nxf6+
Nxf6 36. Qxg5+ Kh8 1-0